01361nam a2200337 a 4500001001200000003000800012006001900020007001500039008004100054010001700095020002800112040002100140035002000161050002400181082002300205100002700228245015300255260003900408300001500447504005100462533015200513650004700665650003400712651003400746651003200780655002900812700002400841710001700865856012600882999001501008ebr10020841CaPaEBRm u cr cn|||||||||000724s2001 ctu sb 001 0 eng  z 00061175  z0275969916 (alk. paper) aCaPaEBRcCaPaEBR a(OCoLC)7076443714aF870.A1bG53 2001eb04a323.1/794/09042211 aGibbs, Jewelle Taylor.10aPreserving privilegeh[electronic resource] :bCalifornia politics, propositions, and people of color /cJewelle Taylor Gibbs and Teiahsha Bankhead. aWestport, Conn. :bPraeger,c2001. axv, 230 p. aIncludes bibliographical references and index. aElectronic reproduction.bPalo Alto, Calif. :cebrary,d2013.nAvailable via World Wide Web.nAccess may be limited to ebrary affiliated libraries. 0aMinoritiesxGovernment policyzCalifornia. 0aMulticulturalismzCalifornia. 0aCaliforniaxEthnic relations. 0aCaliforniaxRace relations. 7aElectronic books.2local1 aBankhead, Teiahsha.2 aebrary, Inc.40uhttp://site.ebrary.com/lib/rucke/Doc?id=10020841zAn electronic book accessible through the World Wide Web; click to view c9392d9392